[Event "Berkshire Berks & Bucks op-D"]
[Site "Berkshire"]
[Date "2023.08.26"]
[Round "2"]
[White "Swiatkowski, Dominik"]
[Black "Morris Weston, Robin T"]
[Result "0-1"]
[WhiteElo "1556"]
[BlackElo "1656"]
[PlyCount "120"]
[EventDate "2023.08.26"]
[EventType "swiss"]
[EventRounds "6"]
[EventCountry "ENG"]
[SourceTitle "CBM 216 Extra"]
[Source "ChessBase"]
[SourceDate "2023.11.30"]
[SourceVersion "1"]
[SourceVersionDate "2023.11.30"]
[SourceQuality "1"]

1. e4 c5 2. Nc3 Nc6 3. Bb5 e6 4. Bxc6 bxc6 5. f4 d5 6. d3 g6 7. Nf3 Bg7 8. 0-0 Ne7 9. Qe1 0-0 10. g4 Rb8 11. Qg3 Bd7 12. h4 Rb7 13. h5 Qb8 14. hxg6 fxg6 15. g5 c4 16. Rf2 cxd3 17. cxd3 d4 18. Ne2 c5 19. Rh2 Nc6 20. a3 Rb3 21. Nd2 Rb7 22. Nc4 e5 23. fxe5 Nxe5 24. Bf4 Rxf4 25. Qxf4 Bc6 26. Na5 Rxb2 27. Nxc6 Nxc6 28. Qxb8+ Nxb8 29. Nf4 Rb3 30. Raa2 Be5 31. Rhf2 Nd7 32. Nd5 Rxd3 33. Nf6+ Nxf6 34. gxf6 Kf7 35. Rac2 Rc3 36. Rxc3 dxc3 37. Kf1 Bd4 38. Re2 Kxf6 39. Kg2 g5 40. Kg3 h5 41. a4 Be5+ 42. Kf2 Bd4+ 43. Kf3 g4+ 44. Kg3 Ke5 45. Kh4 c2 46. Rxc2 Kxe4 47. Kxh5 Kd3 48. Rg2 c4 49. Kxg4 c3 50. Kf4 c2 51. Rg3+ Kd2 52. Rg2+ Kd1 53. Ke4 c1Q 54. Kxd4 Qa1+ 55. Kd3 Qa3+ 56. Kd4 Qxa4+ 57. Kd3 Qb5+ 58. Ke3 Qc5+ 59. Kf3 a5 60. Rh2 Qd5+ 0-1